1469 1365 1404 1177 1263 1311 1776 1682 1589 1802 1944 1972 1108 1857 1325 1921 1166 1484 1170 1693 1883 1818 1498 1937 1058 1159 1005 1149 1033 1328 1826 1153 1534 1562 1300 1137 1258 1841 1456 1844 1516 1515 1133 1635 1671 1526 1211 1488 1316 1449 1305 1799 1542 1320 1416 1511 1165 1452 1691 1465 1049 1859 1670 1005 1397 1603 1041 1265 1040 1581 1748 1388 1118 1212 1928 1172 1669 1238 1378 1324 1700 1477 1329 1324 1327 1826 1997 1990 1055 1925 1880 1961 1128 1887 1443 1280 1138 1884 1500 BCNSPRNW ULIB Ver.6.0+V

เปลี่ยนเป็นภาษาไทย

Change to English
 แสดงรายละเอียดบรรณานุกรม
  กลับหน้าหลัก

Brief Record : Get Marc (ISO 2709) : E-mail record : QR code < ปิดหน้าต่าง
LEADER : 00000nam 2200000uu 4500
001    13399121621
003     ULIB
008    121127s2546||||th 000 0 tha d
020    ^a9741322399
020    ^a9786165510431
060 04 ^aWS 366^bว287ป
100 0  ^aนวลจันทร์ ปราบพาลและคนอื่นๆ,^eบรรณาธิการ.
110 1  ^aจุฬาลงกรณ์มหาวิทยาลัย.^bคณะแพทยศาสตร์.^bภาควิชากุมารเวชศาสตร์
245 10 ^aปัญหาที่พบบ่อยในเด็ก :^bแนวทางการดูแลรักษา /^cบรรณาธิการ นวลจันทร์ ปราบพาล.
250    ^aพิมพ์ครั้งที่ 2^bตุลาคม.
260    ^aกรุงเทพฯ :^bบียอนด์ เอ็นเทอร์ไพรซ์,^c2546
300    ^a774 หน้า :^bตาราง;^c21 ซม.
520 1  ^aเป็นหนังสือที่ให้ความรู้เกี่ยวกับการรักษาโรคต่างๆของเด็กพร้อมทั้งแนวทางการดูแลรักษา.
650  4 ^aกุมารเวชศาสตร์.
650  4 ^aเด็ก^xการดูแล.
650  4 ^aเด็ก^xสุขภาพและอนามัย.
650  4 ^aเด็ก,โรค^xการป้องกันและรักษา.
700 0  ^aจิตลัดดา ดีโรจนวงศ์,^eบรรณาธิการ.
700 0  ^aสุชีรา ฉัตรเพริดพราย,^eบรรณาธิการ.
700 0  ^aวรนุช จงศรีสวัสดิ์,^eบรรณาธิการ.
700 0  ^aศิรินุช ชมโท,^eบรรณาธิการ.
995    ^a วิภา
999    ^aวิภา
รายการนี้ยังไม่มีแท็ก
คุณยังไม่ได้ล็อกอิน คุณสามารถมีกิจกรรมร่วมกับเว็บไซต์ได้ แต่ต้องล็อกอินก่อน ::
  ล็อกอิน

รายการสื่อสารสนเทศ

ลำดับที่ ประเภท เลขเรียก/บาร์โค้ด สถานที่ สถานะ
- ไม่พบข้อมูล -

รายการใกล้เคียง
    หัวเรื่อง [กุมารเวชศาสตร์.]

BibComment


ยังไม่เคยถูกคอมเมนท์

คอมเมนท์ทรัพยากรรายการนี้
  คอมเมนท์: ปัญหาที่พบบ่อยใน..


 Copyright 2026. Bcnsprnw @Library